000 02414 a2200217 4500
001 23742
005 20260407155523.0
008 260407a2005 arg spa d
003 AR-UNSa-BCEJYS
040 _aAR-UNSa-BCEJYS
_bspa
_cAR-UNSa-BCEJYS
080 _a349.2
_xDerecho del Trabajo
245 1 0 _aDerecho del trabajo y de la seguridad social
_pdoctrina.legislación. jurisprudencia. modelos
250 _a11a. ed
264 1 _aBuenos Aires :
_bLexis Nexis
_c2005
300 _a2v. (xvii, 1113; 1116-2283)
_c24 cm.
505 _aVol. 1: 1. Trabajo humano. Derecho del trabajo - 2. Historia del derecho del trabajo - 3. La ley de ordenamiento laboral 25.877 ( BO del 19/03/2004) - 4. Fuentes de derecho del trabajo - 5. Principios del derecho del trabajo - 6. Contrato de trabajo - 7. Relación de dependencia - 8. Registración del contrato. Empleo no registrado - 9. Fraude. Responsabilidad solidaria - 10 . Transferencia y cesión del contrato - 11. Período de prueba - 12. Modalidades del contrato - 13. Derechos y deberes de las partes (I) - 14. Derechos y deberes de las partes (II) - 15. Remuneración - 16. Protección de la remuneración. Prestaciones no remunerativas - 17. Régimen de jornada - 18. Descansos, feriados, vacaciones y licencias - 19. Enfermedades y accidentes inculpables - 20. Trabajo de mujeres y menores - 21. Suspensión del contrato de trabajo - Vol. 2: 22. Despido - 23. Indemnizaciones - 24. Distintas formas de extinción del contrato de trabajo - 25. Régimen de las pequeñas y medianas empresas (PYMES) - 26. Estatutos especiales - 27. Asociaciones sindicales de trabajadores - 28. Negociación colectiva. Convenios colectivos - 29. Conflictos colectivos de trabajo. Medidas de acción directa - 30. Derecho administrativo y procesal del trabajo - 31. Derecho internacional del trabajo - 32. Accidentes del trabajo y enfermedades profesionales - 33. La interpretación jurisprudencial después de "Gorosito" - 34. Derecho de la seguridad social - 35. Sistema integrado de jubilaciones y pensiones - 36. Seguro de desempelo - 37. Asignaciones familiares - 38. Obras sociales. Seguro de salud - 39. Política social. Derecho laboral en el siglo XXI
942 _cBK
590 _aniveau_biblio:m niveau_hierar:0
100 1 _aGrisolia, Julio Armando
856 4 1 _uhttps://biblioeco.unsa.edu.ar/pmb/images/libros/Derecho del Trabajo-l87550.jpg
_yImagen de portada
_qimage/jpeg
999 _c1131
_d1131